Marketing conference / (Record no. 763584)

MARC details
000 -LEADER
fixed length control field 00809nam a2200277 a 4500
001 - CONTROL NUMBER
control field vtls000942053
003 - CONTROL NUMBER IDENTIFIER
control field NLI
005 - DATE AND TIME OF LATEST TRANSACTION
control field 20210627091237.0
008 - FIXED-LENGTH DATA ELEMENTS--GENERAL INFORMATION
fixed length control field 111102s1958 ii s000 0 eng
039 #9 - LEVEL OF BIBLIOGRAPHIC CONTROL AND CODING DETAIL [OBSOLETE]
-- 201111021731
-- VLOAD
040 ## - CATALOGING SOURCE
Original cataloging agency NLI
Language of cataloging eng
Transcribing agency Datasoft_IOD
Description conventions AACR2
041 0# - LANGUAGE CODE
Language code of text/sound track or separate title eng
044 ## - COUNTRY OF PUBLISHING/PRODUCING ENTITY CODE
MARC country code ii
082 04 - DEWEY DECIMAL CLASSIFICATION NUMBER
Classification number 338.64(54)
110 2# - MAIN ENTRY--CORPORATE NAME
Corporate name or jurisdiction name as entry element India.
Subordinate unit Ministry of Commerce and Industry.
-- All India Handicraft Board
9 (RLIN) 885008
245 10 - TITLE STATEMENT
Title Marketing conference /
Statement of responsibility, etc. All India Handicraft Board
260 ## - PUBLICATION, DISTRIBUTION, ETC.
Place of publication, distribution, etc. 60 p. :
Name of publisher, distributor, etc. The Department,
Date of publication, distribution, etc. 1958
300 ## - PHYSICAL DESCRIPTION
Extent 60 p. ;
Dimensions 25 cm.
650 #0 - SUBJECT ADDED ENTRY--TOPICAL TERM
Topical term or geographic name entry element Small business
Geographic subdivision India
9 (RLIN) 743307
650 #0 - SUBJECT ADDED ENTRY--TOPICAL TERM
Topical term or geographic name entry element Scale industries
Geographic subdivision India
887 ## - NON-MARC INFORMATION FIELD
Content of non-MARC field
901 ## - LOCAL DATA ELEMENT A, LDA (RLIN)
a 10787 date
b 01.07.1958
902 ## - LOCAL DATA ELEMENT B, LDB (RLIN)
a GP 338.64(54) Ai 51 mc
942 ## - ADDED ENTRY ELEMENTS (KOHA)
Source of classification or shelving scheme Dewey Decimal Classification
Koha item type Books
Holdings
Withdrawn status Lost status Damaged status Not for loan Collection code Home library Current library Shelving location Date acquired Total Checkouts Full call number Date last seen Price effective from Koha item type
        Government Publications National Library of India National Library of India Annexe Reading Room & Stack Division     GP 338.64(54) Ai 51 mc 27/06/2021 27/06/2021 Books
                                                                           
web counter

Copyright ©2020 The National Library of India, Govt. of India ↔ Hosted by NVLI, MOC ↔ Technology and Design by National Library of India, Ministry of Culture, Govt. of India